| 000 | 00654nam a22002057a 4500 | ||
|---|---|---|---|
| 005 | 20150616110713.0 | ||
| 010 | _aENG-112999 | ||
| 020 |
_a9788170546108 _c900.00 |
||
| 035 | _aEN-96531 | ||
| 037 | _bDBAD/PUB | ||
| 082 | _a883.08 | ||
| 245 |
_aIndian English writing : _ba critical evaluation / _cedited by G.S. Gautam [and] M.C. Saxena |
||
| 260 |
_aNew Delhi _bClassical Publishing _c2012 |
||
| 270 |
_a28- Shopping Centre, Karampura _bNew Delhi _e110015 |
||
| 300 |
_axvi,288p. _c22cm(Hb) |
||
| 500 | _aIncludes bibliographical references | ||
| 700 | _aGautam, G.S. | ||
| 700 | _aSaxena, M.C. | ||
| 942 |
_2ddc _cEN _mIND _h883.08 |
||
| 999 |
_c93481 _d93481 |
||